Propietats dels gasos ultraenrarits / per J. Palacios
Descripción Física:
93 p. ; 24 cm
MARC
| LEADER | 00000nam a2200000Ia 4500 | ||
|---|---|---|---|
| 001 | 8671 | ||
| 008 | 160829s9999 xx 000 0 cat d | ||
| 080 | |a C-1-189 | ||
| 100 | |a Palacios Martínez, Julio |9 30927 | ||
| 245 | |a Propietats dels gasos ultraenrarits / per J. Palacios | ||
| 260 | |a Barcelona : |b Institut d' Estudis Catalans, Secció de Ciències, [s.a.] | ||
| 300 | |a 93 p. ; |c 24 cm | ||
| 650 | |a Física |9 29805 | ||
| 650 | |a Gasos |9 30928 | ||
| 710 | 1 | |a Institut d'Estudis Catalans. |b Secció de Ciències |9 54840 | |
| 901 | |a Arxiu | ||
| 942 | |n 1 | ||
| 952 | |0 0 |1 0 |4 0 |6 C1189 |7 1 |9 45574 |a Arxiu |b Arxiu |d 2016-12-01 |l 0 |o C-1-189 |p 8671 |r 2016-12-01 00:00:00 |w 2016-12-01 |y ARXIU | ||
| 999 | |c 48742 |d 48742 | ||